| 000 | 00361pab a2200145 454500 | ||
|---|---|---|---|
| 008 | 180718b2016 xxu||||| |||| 00| 0 eng d | ||
| 100 | _aGupta, K.N. | ||
| 245 | _aThe people's friendly police and community policing | ||
| 260 | _c2016 | ||
| 300 | _ap.206-228. | ||
| 362 | _aJan-Mar | ||
| 650 | _aPolice | ||
| 773 | _aIndian Police Journal | ||
| 909 | _a113861 | ||
| 999 |
_c113855 _d113855 |
||